000 00493nam a2200205Ia 4500
003 GCL
008 140319s9999 xx 000 0 eng d
040 _aGCL /
_cGCL
082 0 4 _a746.442
_bD Z
100 1 _aDRINKWATER, SYLVIA
245 1 0 _aZODIAC EMBROIDERY /
_cDRINKWATER, SYLVIA
260 _a[S.N] :
_bSEARCH PRESS ،
_c1991
300 _a64 P
650 0 4 _aHANDCRAFT
650 0 4 _aNEDDLE WORKS
650 0 4 _aARTS
650 0 4 _aEMBROIDERY
650 0 4 _aCANVAS
942 _2ddc
_cBK
999 _c21199
_d21199